Teams, die Borussia Dortmund aus CL oder EL geworfen haben (seit 1990) - Statistiken

Allgemein
  • Dieses Quiz wurde 287 mal gespielt
    120 seit der letzten Aktualisierung
  • Das Durchschnittsergebnis liegt bei 24 aus 34
Antwortstatistiken
Saison Wettbewerb Runde Gegner % Korrekt
2024/25 CL Viertelfinale Barcelona
99%
1997/98 CL Halbfinale Real Madrid
99%
2002/03 CL Zwischenrunde (2.) Real Madrid
99%
2013/14 CL Viertelfinale Real Madrid
99%
2017/18 CL Vorrunde (2.) Real Madrid
99%
2023/24 CL Finale Real Madrid
99%
2012/13 CL Finale Bayern
97%
2015/16 EL Viertelfinale Liverpool
93%
2010/11 EL Vorrunde (1.) Paris
91%
2019/20 CL Achtelfinale Paris
91%
2020/21 CL Viertelfinale Manchester City
90%
1992/93 UEFA-Cup Finale Juventus
88%
1994/95 UEFA-Cup Halbfinale Juventus
88%
2014/15 CL Achtelfinale Juventus
88%
2022/23 CL Achtelfinale Chelsea
87%
2002/03 CL Zwischenrunde (1.) AC Mailand
83%
2011/12 CL Vorrunde (1.) Arsenal
83%
1995/96 CL Viertelfinale Ajax Amsterdam
79%
2021/22 CL Vorrunde (1.) Ajax Amsterdam
79%
2017/18 CL Vorrunde (1.) Tottenham
74%
2018/19 CL Achtelfinale Tottenham
74%
2011/12 CL Vorrunde (2.) Marseille
66%
2021/22 CL Vorrunde (2.) Sporting Lissabon
65%
1993/94 UEFA-Cup Viertelfinale Inter Mailand
63%
2021/22 EL K.O. Playoffs Glasgow Rangers
61%
2010/11 EL Vorrunde (2.) FC Sevilla
60%
2016/17 CL Viertelfinale Monaco
46%
2001/02 UEFA-Cup Finale Feyenoord
45%
2017/18 EL Achtelfinale Salzburg
37%
2003/04 CL-Quali 3. Runde FC Brügge
36%
1999/00 UEFA-Cup Achtelfinale Galatasaray
34%
1990/91 UEFA-Cup Achtelfinale Anderlecht
25%
2008/09 EL 1. Runde Udinese
13%
2003/04 UEFA-Cup 2. Runde Sochaux
5%
Keine übereinstimmenden Quizze gefunden
Verteilung der Resultate
Anzahl Personen mit jedem Resultat
Perzentil nach korrekt beantworteten Fragen
Ihre Resultats-Entwicklung
Sie haben dieses Quiz seit der letzten Aktualisierung nicht gespielt